Pokémon - Les attaques de Miraidon - Statistiques

Statistiques générales
  • Ce quiz a été pris 15 fois
  • Le résultat moyen est 12 sur 16
Statistiques - réponses
Niveaux Types Noms des attaques % Correct
Départ Électrique Éclair
100%
Niveau 84 Électrique Fatal-Foudre
100%
Niveau 42 Dragon Draco-Choc
90%
Départ Dragon Draco-Souffle
90%
Niveau 35 Psy Hâte
90%
Niveau 28 Électrique Coup d'Jus
80%
Niveau 98 Normal Ultralaser
80%
Départ Électrique Champ Électrifié
70%
Niveau 14 Électrique Chargeur
70%
Niveau 77 Dragon Colère
70%
Niveau 91 Feu Surchauffe
70%
Niveau 56 Électrique Turbo Volt
70%
Niveau 7 Électrique Onde de Choc
60%
Niveau 21 Électrique Parabocharge
50%
Niveau 63 Acier Strido-Son
40%
Niveau 70 Psy Voile Miroir
30%
Aucun quiz correspondant
Distribution des résultats
% des personnes avec chaque résultat
Percentile par nombre de réponses
Votre historique - résultats
Vous n’avez pas pris ce quiz